Dinámica gerencial (Registro nro. 3198)

Detalles MARC
000 -LEADER
fixed length control field 01099 a2200241 4500
001 - CONTROL NUMBER
control field 40352
005 - DATE AND TIME OF LATEST TRANSACTION
control field 20260407155657.0
008 - FIXED-LENGTH DATA ELEMENTS--GENERAL INFORMATION
fixed length control field 260407a1988 arg spa d
003 - CONTROL NUMBER IDENTIFIER
control field AR-UNSa-BCEJYS
040 ## - CATALOGING SOURCE
Original cataloging agency AR-UNSa-BCEJYS
Language of cataloging spa
Transcribing agency AR-UNSa-BCEJYS
080 ## - UNIVERSAL DECIMAL CLASSIFICATION NUMBER
Universal Decimal Classification number 658.012.4
Common auxiliary subdivision Gestión. Dirección. Autoridad. Técnicas y métodos de gestión (gestión del conocimiento, Outsourcing, Benchmarking...)
020 ## - INTERNATIONAL STANDARD BOOK NUMBER
International Standard Book Number 968-422-497-4
041 ## - LANGUAGE CODE
Language code of text/sound track or separate title spa
100 1# - MAIN ENTRY--PERSONAL NAME
Personal name Crosby, Philip B.
245 10 - TITLE STATEMENT
Title Dinámica gerencial
Name of part/section of a work el arte de hacer que las cosas ocurran
264 #1 - PRODUCTION, PUBLICATION, DISTRIBUTION, MANUFACTURE, AND COPYRIGHT NOTICE
Place of production, publication, distribution, manufacture México :
Name of producer, publisher, distributor, manufacturer McGraw-Hill
Date of production, publication, distribution, manufacture, or copyright notice 1988
300 ## - PHYSICAL DESCRIPTION
Extent xiii, 272 p.
Dimensions 21 cm.
505 ## - FORMATTED CONTENTS NOTE
Formatted contents note 1. El propósito de una organización - 2. El papel del líder - 3. Concertación - 4. Puesta en práctica - 5. Un caso - 6. El manejo de las situaciones - 7. Cumplimiento - 8. El caso del CAI asesores - 9. Ideas sobre evaluación de personal - 10. Ideas fundamentales sobre administración - 11. Seguimiento
590 ## - LOCAL NOTE (RLIN)
Local note niveau_biblio:m niveau_hierar:0
700 1# - ADDED ENTRY--PERSONAL NAME
Personal name Peñaloza Díaz, Gabriel
700 1# - ADDED ENTRY--PERSONAL NAME
Personal name Rubí Gómez, José Luis
942 ## - ADDED ENTRY ELEMENTS (KOHA)
Koha item type
Existencias
Withdrawn status Lost status Damaged status Not for loan Home library Current library Shelving location Date acquired Total checkouts Full call number Barcode Date last seen Price effective from Koha item type
        Biblioteca Prof. Eusebio Cleto del Rey Biblioteca Prof. Eusebio Cleto del Rey   07/04/2026   658.012.4 C949 L53992 07/04/2026 07/04/2026 Libro